| 000 | 00933nam a2200277 i 4500 | ||
|---|---|---|---|
| 001 | bg | ||
| 100 | 1 | _aKOCIŃSKI, Bogdan | |
| 245 | 1 | 0 |
_aOsiągnięcia opolskiej lekkiej atletyki w latach 1945-2000 / _cBogdan Kociński, Józef Wojnar. |
| 260 |
_aOpole : _bOficyna Wydawnicza PO, _c2002. |
||
| 300 |
_a249, [3] s. : _berr. ; _c24 cm. |
||
| 490 | 1 |
_aStudia i Monografie / Politechnika Opolska, _x1429-6063 ; _vz. 135 |
|
| 500 | _aStreszcz. ang. | ||
| 504 | _aBibliogr. | ||
| 650 | 9 |
_aLekkoatletyka _zPolska _yod 1944 r. |
|
| 651 | 9 |
_aOpole (woj. opolskie ; okręg) _xsport _yod 1944 r. |
|
| 655 | _aDane statystyczne | ||
| 700 | 1 | _aWOJNAR, Józef | |
| 830 | 0 |
_aStudia i Monografie (Politechnika Opolska) ; _vz. 135 |
|
| 020 | _a8388492195 | ||
| 040 | _cBPK | ||
| 041 | 0 |
_apol _beng |
|
| 080 | _a796.42/.43.093(438)"1944/..."(083.41) | ||
| 920 | _a83-88492-19-5 | ||
| 942 | _cKS | ||
| 008 | s pl f |000 0 pol | ||
| 999 |
_c42832 _d42832 |
||
| 856 |
_uhttp://koha.tu.koszalin.pl/cgi-bin/koha/opac-detail.pl?biblionumber=42832 _yKatalog online BPK |
||